[Event "Gashimov Memorial 6th"]
[Site "Shamkir"]
[Date "2019.04.08"]
[Round "8"]
[White "Karjakin, Sergey"]
[Black "Carlsen, Magnus"]
[Result "0-1"]
[WhiteElo "2753"]
[BlackElo "2845"]
[Annotator "Nielsen,Peter Heine"]
[PlyCount "78"]
[EventDate "2019.03.31"]
[EventType "tourn"]
[EventRounds "9"]
[EventCountry "AZE"]
[EventCategory "22"]
[SourceTitle "CBM 190"]
[Source "ChessBase"]
[SourceDate "2019.06.30"]
[SourceVersion "1"]
[SourceVersionDate "2019.06.30"]
[SourceQuality "1"]

1. e4 c5 $5 {Considering the tournament standings, maybe made this a somewhat
surprising move. Magnus was leading the tournament by ½ a point ahead of
Karjakin who then had a further 1 point to the rest of the field. Meaning for
Karjakin this was almost a " must-win" situation as if the game was drawn he
would need not only to score half a point more in the final round, but also to
win a playoff. Even so Magnus stayed loyal to the Sveshnikov which generally
does promise solidity, but as shown in the London WC match does allow one way
for White to get a very complex battle:} 2. Nf3 Nc6 3. d4 cxd4 4. Nxd4 Nf6 5.
Nc3 e5 6. Ndb5 d6 7. Nd5 $5 {Karjakin takes up the gauntlet and follow in
Caruanas footsteps. After London Magnus won with the black pieces against Van
Forest in Wijk aan Zee as well as Navara earlier in Shamkir. Magnus said after
the game that he was indeed exited to see 7.Nd5 on the board as it always
leads to very exiting positions. And that while the engines indeed seems to
give a preference for White, people tend to underestimate the human factor and
that Black's position is easier to play, as he generally tries to aim for the
opponent's king, while White has to balance positional gains on the queenside
with also caring about the security of his own king.} Nxd5 8. exd5 Ne7 $5 {
The move from game 12 of the match as well as the tiebreaker and vs. Van
Forest. 8...Nb8 is of equal value and was seen in game 8 & 10 as well as vs.
Narvara, meaning for Karjakin it was impossible to know for sure which move to
expect.} 9. c4 Ng6 10. Qa4 Bd7 11. Qb4 Bf5 {The move from game 12, later
Magnus preferred 11...Qb8. Anyway this is very much a theoretical debate in
progress where the status very much is unsettled. Actually a rare occurence
these days that suddenly an oasis of almost untouched but very interesting
positions suddenly occurs in a popular opening variation at the highest level.}
12. Qa4 Bd7 13. Qb4 Bf5 14. h4 h5 15. Bg5 $5 {Karjakin of course comes
prepared and plays the critical move. Caruana went 15.Be3 but got into trouble
before the game controversially ended in a sudden draw.} Qb8 16. Be2 a6 17. Nc3
Qc7 {In principle only this is the novelty, as 17...Nf4 18 Bf1 Be7 19 Bxe7
Kxe7 20 g3 Ng6 21 Qb6 was played in the game Houdini- Stockfish which Grischuk
pointed out during his interesting live commentary during game 12 of the WC
match. Magnus' idea, however, is very different and much more human. He does
not want to leave his king vulnerable in the centre, on the contrary it will
be hidden safely away before he launches an attack on the enemy king. That the
price is the h5-pawn is of no significance. Black is playing for mate!} (17...
Nf4 18. Bf1 Be7 19. Bxe7 Kxe7 20. g3 Ng6 21. Qb6 {Houdini- Stockfish.}) 18. g3
Be7 19. Be3 e4 $1 {That's the key point. Playing ...Nf8-d7 and covering h5
before castling of course is possible, but this is so much more temptin, as
the knight on e5 touches vital squares at f3 and d3 and starts making the
"aggressive" h4 and g3 by White look like weaknesses.} 20. O-O O-O 21. Bxh5 Ne5
22. Be2 Qd7 {White won a pawn, but Black immediately zooms in on the sore
spots in White's position, immediately threatening 23...Bg4 followed by a
deadly invasion on the f3 square.} 23. Qa4 Qc8 $1 {Obviously not allowing the
exchange of queens, while still upholding the threat of ...Bg4, meaning
Karjakin has to act.} 24. c5 $6 {Too ambitious, and now tipping the game in
Black's favour.} (24. Qd1 $1 {was the right move, controlling g4. Indeed Black
is perfectly fine} Nxc4 {when} 25. Bxc4 Qxc4 26. Bd4 {leads to an equal
position.}) {That is, however, the best White's position had on offer, as now
things are only to get worse. Much worse.} 24... dxc5 25. Nxe4 c4 $5 {Magnus
was happy with this move after the game. 25...b5 also was possible, forcing
White to "self-pin" with 26 Qc2. But as the computer shows, after 25...c4 26
Qc2! is still the best move, so why "force" White in the right direction?} 26.
Nc3 b5 $1 {Magnus said that he saw 26...Bd3 27.Bxd3 Nf3+ 28.Kg2 Nxh4+ forcing
a draw by perpetual, but that while for the tournament situation this would
indeed be a good result, Black's attacking options are just too tempting to
pass on.} (26... Bd3 27. Bxd3 Nf3+ 28. Kg2 Nxh4+ $11) 27. Qd1 b4 $1 {Another
forceful move. Sure it does ruin the solidity of Black's pawnstructure, but
much more importantly it forces White's knight basically as far away as
possible from the kingside where the game is going to be decided, as well as
it allows Black's bishop access to the e4 square.} 28. Na4 Be4 29. Qd4 ({If} 
29. f3 {then} Qh3 $1 {decides.}) 29... Qf5 30. f4 $2 {Logical, but leaving
Black with a winning position.} ({The absolutely last chance was} 30. f3 $1 {
when after} Nxf3+ (30... Bxf3 31. Rae1 $1 {and White very much fights on}) 31.
Bxf3 Bxf3 32. Qf4 {White defends.}) {While now with a couple of powerful moves,
Magnus shows his attacking skills.} 30... Qg6 $1 {A great intermezzo. By
attacking g3, Black forces White into unprotecting the f4 pawn.} (30... Nd3 31.
g4 $1 Qh7 32. h5 {is much less clear.}) 31. Bf2 Nd3 32. h5 Qf5 $1 {This is the
big difference, the basic point being that 33.g4 Qxf4 now is possible due to
the bishop on f2 blocking the rook on f1.} (32... Nxf4 {might look tempting,
but after} 33. Rae1 Qf5 34. Bg4 $3 {the tables are completely turned as} Qxg4
35. Rxe4 Ne2+ 36. Kg2 $1 {wins for White.}) 33. Bg4 {Better was 33.Bxd3, still
however leading to a winning position for Black after either recapture.} Qxg4
34. Qxe4 Bd6 {Of course threatening to take on f4, but while that is possible
to prevent, the main theme is that Black's knight on d3 protects the e1-square
meaning that his rooks can penetrate unopposed in the e-file.} 35. Qg2 Rae8 $1
36. Bd4 Qxh5 $1 {Precision to the end.} (36... Re2 37. Qf3 $1 {would force off
the queens, leaving White with some hope in an indeed bad ending.}) {Now,
however, 37...Re2 is a deadly threat as 38.Qf3 would then allow mate on h2.}
37. Qf3 Qg6 $1 {Again seemingly slow, but like in move 34 Black uses the
threat to the f4 pawn to gain time for his real aims.} 38. Kh1 Re4 $1 39. Bf2
Rfe8 {Blacks threats are numerous. 39...Nxf4, 39...Re2 or 39...Nxf2+ followed
by 40...Re3. Karjakin had seen enough and resigned meaning Magnus won the
Shamkir tournament with a round to spare, but also scored his 4th (!) win in a
row vs. 7.Nd5. Similarities to Kasparov's dominance tournament-wise as well as
his Kings Indian come to mind.} 0-1

[Event "Grenke Chess Classic 6th"]
[Site "Karlsruhe/Baden Baden"]
[Date "2019.04.27"]
[Round "7"]
[White "Carlsen, Magnus"]
[Black "Aronian, Levon"]
[Result "1-0"]
[WhiteElo "2845"]
[BlackElo "2763"]
[Annotator "Krasenkow,M"]
[PlyCount "75"]
[EventDate "2019.04.20"]
[EventType "tourn"]
[EventRounds "9"]
[EventCountry "GER"]
[EventCategory "19"]
[SourceTitle "CBM 190"]
[Source "ChessBase"]
[SourceDate "2019.06.30"]
[SourceVersion "1"]
[SourceVersionDate "2019.06.30"]
[SourceQuality "1"]

{[%evp 0,75,19,8,20,-14,3,4,4,4,64,46,44,54,68,58,43,17,35,35,82,-20,28,51,39,
6,23,22,37,38,37,30,33,29,17,17,24,19,23,5,27,0,1,0,0,-16,-13,-1,0,-1,2,16,26,
31,76,95,88,76,77,82,132,125,128,117,117,108,163,165,174,167,198,176,270,170,
223,229,256,249]} 1. d4 Nf6 2. c4 e6 3. Nf3 d5 4. Nc3 dxc4 5. e4 Bb4 6. Bg5 c5
7. Bxc4 cxd4 8. Nxd4 Bxc3+ 9. bxc3 Qa5 10. Bd2 $5 $146 {[%mdl 8] An absolutely
new move in this well-known position!} (10. Bb5+) (10. Bxf6) (10. Nb5 {have
been seen in hundreds or even thousands of games.}) 10... O-O (10... Nxe4 11.
Qg4 $1 Nxd2 12. Qxg7 {is White's idea although the position after} Rf8 (12...
Nxc4 13. Qxh8+ Ke7 $1 14. O-O {[%csl Re7] with good attacking prospects for
White}) 13. Kxd2 Qc5 {is far from clear}) 11. Qe2 e5 12. Nb3 Qc7 13. O-O Bg4 $6
{Black has a lot of other options like} (13... Re8 {[%cal Yc8e6]}) ({or} 13...
b6) {The position he goes for is strategically risky.} 14. f3 Rc8 15. Bd5 Nxd5
16. exd5 {[%csl Gd5]} Bh5 (16... Bf5 17. Rac1 {[%cal Yc3c4]}) 17. c4 $1 {
The pointe! This pawn is invulnerable, and White's protected d5 passer becomes
strong.} Nd7 18. Rfc1 b6 19. a4 $36 {<<} a5 {[%csl Rb6]} (19... Qd6 $5 20. a5
$140 $6 b5) 20. Qf2 Qd6 21. Be3 Bg6 22. Qd2 f6 23. Qb2 Rc7 24. Nd2 Nc5 25. Qa3
Rd8 $6 (25... Qf8 $1 26. Rc3 Rb8 $14 {A.Tukhaev}) 26. Rc3 f5 $6 {This wrong
advance weakens Black's position.} (26... Rb7) 27. Re1 $1 {[%csl Re5]} e4 28.
fxe4 fxe4 29. Bxc5 Rxc5 30. Nxe4 Qe5 31. Rce3 {Black has lost a pawn without
compensation.} Rcc8 (31... Rxc4 32. Nd2 $18) 32. h3 Qc7 (32... Qd4 33. Nd6) 33.
Nd2 Re8 34. Re7 $1 Rxe7 35. Rxe7 Qd8 (35... Qf4 36. Qc3 Bf7 {was better but
hopeless enough.}) 36. Qe3 Rc7 37. Re6 Rc5 38. Qb3 {[%csl Rb6]} 1-0

[Event "Grenke Chess Classic 6th"]
[Site "Karlsruhe/Baden Baden"]
[Date "2019.04.28"]
[Round "8"]
[White "Svidler, Peter"]
[Black "Carlsen, Magnus"]
[Result "0-1"]
[WhiteElo "2735"]
[BlackElo "2845"]
[Annotator "Nielsen,Peter Heine"]
[PlyCount "66"]
[EventDate "2019.04.20"]
[EventType "tourn"]
[EventRounds "9"]
[EventCountry "GER"]
[EventCategory "19"]
[SourceTitle "CBM 190"]
[Source "ChessBase"]
[SourceDate "2019.06.30"]
[SourceVersion "1"]
[SourceVersionDate "2019.06.30"]
[SourceQuality "1"]

{[%evp 0,178,28,10,41,41,41,41,50,36,38,33,73,31,31,33,31,-3,-3,-28,-15,-11,0,
-30,-12,-37,-18,-26,6,-18,11,-19,-19,-19,-4,-14,-13,-20,-28,-26,37,76,70,42,46,
-8,-3,-61,-67,-83,-67,-59,-48,-52,-47,-50,-46,-45,-35,-41,-25,-14,-20,-42,-51,
-51,-34,-28,-32,-26,-25,-34,-12,-10,-18,-19,-20,-17,-4,-13,0,-33,-35,-30,-12,
-19,-24,-23,-35,-32,-36,-30,-46,-61,-35,-30,-37,-15,-21,-22,0,-16,-6,-42,-54,
-99,-69,-111,-106,-170,-168,-169,-169,-169,-169,-179,-187,-180,-180,-183,-153,
-199,-199,-255,-249,-241,-216,-239,-230,-239,-233,-234,-260,-260,-288,-326,
-347,-410,-480,-517,-331,-325,-327,-448,-399,-399,-329,-338,-353,-352,-349,
-346,-346,-349,-349,-349,-374,-389,-411,-403,-405,-405,-376,-383,-387,-388,
-387,-388,-255,-192,-184,-183,-157,-507,-527,-537,-537,-537,-557,-567,-567]} 1.
e4 c5 2. Nf3 Nc6 {Magnus favourite opening of late, obviously played in the
World Championship but actually starting already from the 2018 Sinquefield Cup.
There MVL played 3.Nc3, but since then the focus has been on first 3.Bb5 and
then the popular 7.Nd5 in the Sveshnikov where Caruana earlier in the
tournament continued his theoretical discusion vs. Magnus.} 3. Nc3 {Svidler
copies MVL, staying away from the most principal battles.} e5 4. Bc4 Be7 $5 {
Absolutely the standard move, but in St. Louis Magnus choose the more
surprising 4...g6, but here reverts to the standard.} 5. d3 d6 6. Nd2 $5 {
Kasparov's favourite move, aiming for the control of d5. Later attention
switched to 6.0-0 Nf6 7.Ng5 leading to a much sharper battle, but the
positional approach both has logic and venom.} Nf6 {The modest 6...Bg5 was the
choice in the early encounters, but modern theory has started to focus on this
natural development move.} 7. Nf1 Nd7 $5 {This, however, is much less played,
but does follow in the footsteps of both Kramnik and Gelfand and was also
employed twice by Lenic in his 2917 World Cup match vs. Magnus' French second
Laurent Fressinet. The idea is to exchange White's strong knight on d5, and
while obviously this also could be done from f6, and thus by logic Black just
throws away 2 tempi, the point is doing it on Black's terms, trying to force
White to take on b6.} 8. Nd5 (8. Ne3 {was Fressinet and Kasparov's choice, and
while White does keep a nominal edge, neither managed to break down the
solidity of Black's position.}) 8... Nb6 9. Nxb6 $5 axb6 10. c3 {This is the
point of White's play, creating a somewhat akward double pawn, and now not
allowing 10.Ne3 b5! removing the weakness due to 11.Bxb5 Qa5+! losing a piece.}
(10. Ne3 b5 $1 11. Bxb5 Qa5+ $1 {[%cal Ga5e1,Ga5b5]}) 10... O-O 11. Ne3 Bg5 12.
O-O {Here Kramnik took on e3 followed by ...Qe7 and Be6 equalising, and the
engines verify similar thoughts, suggesting 12...Be6. But how do you actually
play for a win?} Kh8 $5 {At least posing the question if ...f5 next is a
"threat" as well as generally safeguarding the king.} 13. a3 $6 (13. Nd5 {
now ould have been safer as after} Bxc1 14. Qxc1 f5 15. exf5 Bxf5 16. Qe3 {
White does keep a pleasant position with b4 or f4 next.}) {Svidler however
indicates that ...f5 does not worry him, and Magnus follows with maybe you
should be?} 13... f5 $1 14. Nxf5 Bxc1 15. Rxc1 Bxf5 16. exf5 d5 $1 {White got
bishop vs knight, but black has the f-file and more pawns in the centre.} 17.
Ba2 {Svidler plays ambitiously eyeing the d5-pawn as a potential weakness.} ({
but safer would be the liquidating} 17. Bb5 $5 Rxf5 18. Bxc6 {simplifying with
a likely draw.}) {Not the battle focuses around if White's bishop on a2 will
be in or out of play:} 17... Rxf5 18. Qg4 Rf6 19. f4 $6 {The wish to exchange
as well as annulate the pressure in the f-line is understandable, but the
ensuing tactics turns out (very) well for Black. Common sense chess with 19.
Rce1 Qd6 20.Qd1 brings some harmony into White's positions, and while his
aggressive prospects are not huge, he does have a solid position. After the
game move, however, not so much.} (19. Rce1 Qd6 20. Qd1) 19... exf4 20. Qg5 {
A neccesary intermediate move} ({as} 20. Rxf4 $2 {loses material immediately to
} Ne5 21. Qg3 Rxf4 22. Qxf4 Nxd3) 20... Qf8 $1 {While the early phase of this
game of Magnus has seen standard moves combined with a bit of provocation, the
rest is another serious matter, developing a strong attack and finishing it
off in style. Keeping the f4 pawn is crucial in his attacking concept, and
readmitting the bishop on a2 into the game of much lesser importance, as the
game will show its just shooting into thin air.} 21. Qxd5 {21.Bxd5 rerouting
the bishop to e4 would have been ideal strategically, but unfortunately drops
a pieces due to 21...Rf5!} (21. Bxd5 Rf5 $1) 21... Rd8 $1 22. Qf3 $6 {Logical
and consequent, but giving Black everything he wants.} (22. Qg5 h6 23. Qh5 Rxd3
24. Rce1 {is indeed a pawn down, but with decent compensation with good
chances of a draw.}) 22... Ne5 23. Qe4 $5 {Svidler maybe pinned his hopes on
this move, kicking the knight and thus not allowing ...f3 which would be
lethal after the direct 23.Qxb7.} (23. Qxb7 f3 $1) 23... Ng4 $1 {Magnus is in
the zone, both mentally but also with the knight invading next on e3 where it
becomes the fix-point of the black attack.} (23... Nxd3 {would leave Black a
pawn up but the attack would then evaporate.}) 24. Rce1 Ne3 25. Rf2 Re8 $1 26.
Qxb7 g5 $1 {First a pawn sac and then followed up by this key move. The knight
on e3 and the pawn on f4 completely block White's rooks, and the bishop on a2
basically is on an empty diagonal as Black's attack will happen on the dark
squares. White's position might look sufficiently solid, but the march of the
g-pawn drastically changes that. White'ss position is actually so bad that
there is nothing he can do, and Svidler decides to literally do that, going
back and forth:} 27. Rfe2 $6 {I guess should be criticised on principle, but I
cannot offer any reasonable alternative.} g4 28. Rf2 Qh6 $1 {Simply
threatening ...g3 and then mate on h2.} 29. Qc7 {X-raying the g3 square.} Ref8
$1 {Renewing the threat of... g3, with hxg3 Ng4+! now being the followup, and
there is no longer a rook hanging on e8 against which White can do absolutely
nothing.} 30. h3 $5 {One might think that Svidler decided to be a good sport
and allow a very spectacular finish, but actually his position is just dead
lost.} ({The computer wants tragic moves like} 30. Qe5 g3 31. hxg3 Ng4 32.
Qxf6+) ({or} 30. g3 fxg3 31. Qxg3 {allowing} Rxf2 {just to illustrate how
desperate the situation actually is.}) 30... gxh3 31. g3 fxg3 32. Rxf6 $5 {
The idea is that after 32...Qxf6 33 Qxg3 white does fight on, but also that
after:} h2+ $1 33. Kh1 g2# {We have a mate that just speak for itself in its
beauty:} 0-1